00546cam a2200157u 4500082001800000100003000018245003500048260004900083300002400132526003700156650001300193650003700206942001200243999001900255952011400274 a357.5bROWcD1 aRowan-Robinson, H.94949900aSome aspects of mechanization, aLondon,bW. Clowes and sons, limited,c1928. aviii, 67 p.c22 cm. a0b0c0d357_500000000000000_ROW 0aMCE9379 0aMilitary art and science.937914 2ddccBK c552462d552462 00102ddc4070aMCEbMCEcArchive Sectiond2015-01-15l0o357.5 ROWpMCE-ECS/111r2015-01-15w2015-01-15yBK